00746nam a2200181 a 4500008004100000020001500041050001400056100003600070245011400106250001200220260003200232300002000264350000900284650003200293995009200325999001700417952013000434120416s1952 ||||||||||||||||| || u a0070072396 aQE 26 Int aBranson, Edwin Bayer, 1877-195010aIntroduction to geologyc/[by] E. B. Branson [and] W. A. Tarr; revised by Carl C. Branson [and] W. D. Keller. a3rd ed. aNew YorkbMcGraw-Hillc1952 aix, 492p. : ill a0.00 aGEOLOGY--STUDY AND TEACHING D0.00FCBU-MAIN LIBRARY (Kitwe)H1I6.10UAVAILABLEZMain Library Open Access Collection c47774d47774 00102lcc4070a001b001cMain Library Open Access Collectiond2022-11-30l0oQE 26 Intp012559r2022-11-30w2022-11-30y002